Trinidad /

Salvato in:
Dettagli Bibliografici
Autore principale: Sicilia, Javier (autor)
Natura: Libro
Pubblicazione: México : Ixtus , 1992, c1992
Soggetti:
Tags: Aggiungi Tag
Nessun Tag, puoi essere il primo ad aggiungerne!!

MARC

LEADER 00000nam^a2200000^a^4500
001 000224605
005 20250521000000.0
009 20260310104055.588
037 |a Acervo Xavier Clavigero 
082 |a 861.  |b SIC 
100 |a Sicilia, Javier  |e (autor) 
245 1 0 |a Trinidad /  |c J. Sicilia ; il. de Ricardo Newman. 
264 4 |a México :  |b Ixtus ,  |c 1992, c1992 
300 |a 58 p. 
336 |a texto  |b txt  |2 rdacontenido 
337 |a sin mediación  |b n  |2 rdamedio 
338 |a volumen  |b nc  |2 rdasoporte 
649 |a XX 
650 |a Poesía Mexicana 
650 |a Poesía Religiosa -  |z México 
650 |a Literatura Mexicana -  |y Siglo XX 
650 |a Literatura Religiosa -  |z México 
910 |a Fondo General 
920 |a Impresos - Libros 
930 |a Colección General 
940 |a Literatura 
905 |a 101 
901 |a 043555  |b IT1  |c LIT  |i 043555  |u 20250521 
902 |a https://opac.biblio.iteso.mx/vufind/Record/000224605